Word Ladder: Harry Potter Quotes Quiz Stats

 Plays Quiz Updated Apr 28, 2018

Score 0/28 Timer 03:00
2 Plays Today
Clue 4-Letter Word % Correct
⚡ Is this all real? Or is it just happening inside my ___? ⚡HEAD
95.9%
⚡ I'm sorry, Professor…but I must not ___ lies. ⚡TELL
95.5%
⚡ We plan, we get there. All ___ breaks loose! ⚡HELL
92.1%
⚡ How ___ you stand where he stood! A man who trusted you! ⚡DARE
90.8%
Having great heightTALL
90.7%
Having little or no lightDARK
89.3%
The tough exterior covering of a treeBARK
89.2%
Make or become hot or warmHEAT
88.9%
⚡ I need to ___ to the goblin. ⚡TALK
87.5%
Equivalent to the sum of two and threeFIVE
87.2%
⚡ Your bird, there was nothing I could do. He just caught ___. ⚡FIRE
87%
Had or maintained in your graspHELD
85.8%
⚡ ___ it here, Malfoy or I'll knock you off your broom! ⚡GIVE
85.7%
⚡ Hey, Big D. ___ up another 10 year old? ⚡BEAT
83.7%
Clue 4-Letter Word % Correct
⚡ It's brilliant! It's like Hogwarts wants us to fight ___! ⚡BACK
83.4%
⚡ Don't say a ___ against my father! ⚡WORD
82.6%
A loose granular substance found at the beachSAND
82.1%
⚡ Never try to ___ my life again. ⚡SAVE
81.5%
⚡ In the graveyard, my ___ and Voldemort's sort of…connected. ⚡WAND
81.3%
⚡ I solemnly swear that I am up to no ___. ⚡GOOD
80.3%
Extremely serious or urgentDIRE
79.7%
Mentally soundSANE
78.6%
Transferred freely to another's possessionGAVE
77.8%
A separate room in a hospital allocated to one type of patientWARD
77.5%
A small, sharp, broad-headed nailTACK
76.3%
The hard fibrous material forming the main substance of a treeWOOD
74.5%
An edible seedBEAN
57.2%
⚡ I can't be a-a-a-wizard. I ___, I'm just Harry. Just Harry. ⚡MEAN
54.9%

Today's Daily Dose

You're not logged in!

Compare scores with friends on all Sporcle quizzes.
OR
Log In

Sporcle TV

Today on Sporcle TV


Watch our educational content, quiz creation guides, and fun videos on Sporcle TV.

Show Comments

Extras

Top Quizzes Today


Score Distribution

Your Account Isn't Verified!

In order to create a playlist on Sporcle, you need to verify the email address you used during registration. Go to your Sporcle Settings to finish the process.

Report this User

Report this user for behavior that violates our Community Guidelines.

Details: